[Event "El Puerto St Maria op 17th"]
[Site "Cadiz"]
[Date "2002.07.29"]
[Round "2.10"]
[White "Capilla Capilla, Tomas"]
[Black "Palma Macias, Jose Alberto"]
[Result "0-1"]
[WhiteElo "1904"]
[BlackElo "2127"]
[PlyCount "77"]
[EventDate "2002.07.29"]
[EventType "swiss"]
[EventRounds "7"]
[EventCountry "ESP"]
[SourceTitle "EXT 2004"]
[Source "ChessBase"]
[SourceDate "2003.11.25"]
[SourceVersion "1"]
[SourceVersionDate "2003.11.25"]
[SourceQuality "1"]

1. c4 Nf6 2. d4 g6 3. Nc3 Bg7 4. e4 0-0 5. Nf3 d6 6. Be2 e5 7. d5 a5 8. a4 Na6 9. 0-0 Nc5 10. Bg5 h6 11. Bxf6 Qxf6 12. Nd2 h5 13. Nb3 b6 14. Nxc5 bxc5 15. Nb5 Qe7 16. Ra3 f5 17. exf5 Bxf5 18. Qd2 Kh7 19. g3 Qf7 20. f3 Bh6 21. Qc3 Bh3 22. Rf2 e4 23. Bf1 e3 24. Bxh3 exf2+ 25. Kxf2 Bg7 26. Qc2 Rab8 27. Rb3 Qf6 28. Qe4 Rfe8 29. Qd3 h4 30. Bg4 Qg5 31. Be6 hxg3+ 32. hxg3 c6 33. Nxd6 Rxb3 34. Qxb3 Qd2+ 35. Kf1 Rxe6 36. dxe6 Qxd6 37. Qb6 Qxe6 38. Qxc5 Bxb2 39. Qxa5 0-1